000 00578nam a2200217 a 4500
001 0001-2669
003 ELIB.Books
008 200526 2010 eng
020 _a9781587433818
092 _a226.2
_bHau/ 226.2 Tal
100 _aHauerwas, Stanley/ Talbert, Charles H.
245 _aMatthew
260 _aGrand Rapids
_bBrazos Press
_c2006
300 _a267
_c23 Cm
650 _aMatthew
856 _nKBTS Library
_uKBTS Elib
942 _2ddc
_cBK
990 _a2
998 _aEnglishbooks.elf
_ccat
_e2020-05-26
_mcat
_u2020-06-03
999 _c12669
_d12669